[Event "52nd TCh-DEN XtraCon 2013-14"]
[Site "Denmark DEN"]
[Date "2013.11.02"]
[Round "1.1"]
[White "Hagen,Andr"]
[Black "Hillarp Persson,T"]
[Result "1/2-1/2"]
[WhiteElo "2436"]
[BlackElo "2547"]

1.e4 g6 2.d4 Bg7 3.Nc3 d6 4.f4 a6 5.Nf3 b5 6.Bd3 Nd7 7.e5 c5 8.Ng5 Nh6 9.Qf3 Rb8
10.e6 Nf6 11.dxc5 fxe6 12.a4 b4 13.Ne2 dxc5 14.Bxa6 O-O 15.Bc4 Nf5 16.Nxe6 Bxe6
17.Bxe6+ Kh8 18.O-O Qd6 19.Bc4 Rbe8 20.h3 Nd4 21.Qd3 Nh5 22.Nxd4 Bxd4+ 23.Kh2 Nxf4
24.Bxf4 Rxf4 25.Rxf4 Qxf4+ 26.Qg3 Qf6  1/2-1/2

[Event "TCh-FIN SM 2013-14"]
[Site "Joensuu FIN"]
[Date "2013.11.02"]
[Round "5.2"]
[White "Kauppila,O"]
[Black "Lehtinen,H"]
[Result "1/2-1/2"]
[WhiteElo "2303"]
[BlackElo "2419"]

1.d4 g6 2.e4 Bg7 3.Nc3 d6 4.Be3 c6 5.f4 b5 6.Nf3 Nd7 7.Bd3 Nb6 8.b3 Nf6 9.h3 O-O
10.O-O Qc7 11.Qd2 b4 12.Ne2 c5 13.c4 bxc3 14.Qxc3 Bb7 15.Ng3 Rac8 16.Rac1 Qb8
17.Qd2 cxd4 18.Bxd4 Rfd8 19.Qe3 Rxc1 20.Rxc1 Bh6 21.Ng5 e5 22.Bb2 Nfd7 23.Ne2 d5
24.Nf3 Re8 25.exd5 Nxd5 26.Qf2 Nxf4 27.Nxf4 Bxf4 28.Re1 f6 29.Bc4+ Kh8 30.Rd1 Nb6
31.Bf7 Re7 32.Nxe5 Rxe5 33.g3 Be3 34.Qxe3 Kg7 35.Bxe5 fxe5 36.Bc4 Qc7 37.Re1 e4
38.Qd4+ Kh6 39.Qe3+ Kg7 40.Qd4+ Kh6 41.Qe3+  1/2-1/2

[Event "TCh-NED Meesterklasse 2013-14"]
[Site "Netherland NED"]
[Date "2013.11.02"]
[Round "2.4"]
[White "Berelowitsch,A"]
[Black "Cuijpers,F"]
[Result "1-0"]
[WhiteElo "2543"]
[BlackElo "2447"]

1.e4 g6 2.d4 Bg7 3.Nc3 d6 4.g3 Nf6 5.Bg2 O-O 6.Nge2 c6 7.O-O e5 8.a4 a5 9.h3 Na6
10.Be3 Nb4 11.f4 exd4 12.Bxd4 Bd7 13.Qd2 d5 14.e5 Ne4 15.Nxe4 dxe4 16.Rad1 Qe7
17.Nc3 c5 18.Be3 Rfd8 19.Qf2 c4 20.Bb6 Rdc8 21.Rfe1 Bc6 22.g4 f5 23.exf6 Qxf6
24.Bd4 e3 25.Bxe3 Re8 26.Bxc6 Qxc6 27.Rd2 Bxc3 28.bxc3 Nd5 29.f5 Nxc3 30.fxg6 hxg6
31.Bd4 Rxe1+ 32.Qxe1 Re8 33.Qf1 Ne4 34.Re2 Re6 35.Qf3 Ng5 36.Qxc6 Rxc6 37.Kg2 Ne6
38.Re4 Kf7 39.Be3 Nc7 40.Re5 Re6 41.Rxe6 Kxe6 42.Bb6 Nd5 43.Bxa5 c3 44.h4 Kd7
45.h5 gxh5 46.gxh5 Nf4+ 47.Kf3 Nxh5 48.Bxc3 Ke6 49.Kg4 Nf6+ 50.Bxf6 Kxf6
51.Kf4 Ke6 52.Ke4 Kd6 53.Kd4 Kc6 54.Kc4 Kb6 55.Kb4 Kc6 56.a5 Kd6 57.Kb5 Kc7
58.Kc5 Kd7 59.Kb6 Kc8 60.a6 Kb8 61.Kb5 bxa6+ 62.Kxa6 Kc7 63.Kb5  1-0

[Event "TCh-FIN SM 2013-14"]
[Site "Salo FIN"]
[Date "2013.11.02"]
[Round "5.1"]
[White "Kanep,M"]
[Black "Kiik,K"]
[Result "1-0"]
[WhiteElo "2511"]
[BlackElo "2455"]

1.d4 g6 2.e4 Bg7 3.Nc3 d6 4.f4 a6 5.Nf3 b5 6.Bd3 Bb7 7.O-O b4 8.Ne2 Nd7 9.c3 a5
10.f5 c5 11.Qe1 cxd4 12.cxd4 Qb6 13.Kh1 gxf5 14.exf5 Ngf6 15.Nf4 Rg8 16.Qe2 Bh6
17.a3 Bxf4 18.Bxf4 Rg4 19.Rae1 O-O-O 20.Bg3 Nh5 21.Qxe7 Rxg3 22.hxg3 Nxg3+
23.Kh2 Nxf1+ 24.Rxf1 f6 25.axb4 axb4 26.Be4 d5 27.Bd3 Qc7+ 28.Kh1 Rg8 29.Qxb4 Nb8
30.Qd2 Nc6 31.b4 Qb6 32.Rc1 Kd7 33.Qh6 Qd8 34.Bb5 Qf8  1-0

[Event "e2e4 Gatwick Nov Open"]
[Site "Crawley ENG"]
[Date "2013.11.03"]
[Round "5"]
[White "Foster,Chantelle L"]
[Black "Prior,Stephen C V"]
[Result "1-0"]
[WhiteElo "1879"]
[BlackElo "2019"]

1.e4 g6 2.d4 Bg7 3.Nc3 d6 4.Be3 a6 5.Qd2 Nd7 6.O-O-O b5 7.Kb1 Bb7 8.f3 Rc8
9.g4 c5 10.g5 h6 11.gxh6 Nxh6 12.h4 cxd4 13.Bxd4 Bxd4 14.Qxd4 Nf6 15.Qe3 Qa5
16.Qd4 O-O 17.Nge2 b4 18.Nd5 Bxd5 19.exd5 Nf5 20.Qd3 Rc5 21.Nf4 Rfc8 22.h5 Rxc2
23.hxg6 fxg6 24.Nxg6 Nxd5 25.Rh8+ Kg7 26.Rxc8 Rxc8 27.Qxd5 Qxd5 28.Rxd5 Kxg6
29.Bd3 Rf8 30.Ra5 Kg5 31.Bxa6 Kf4 32.Ra4 Kxf3 33.Rxb4 e5 34.Bb7+ Ke3 35.Kc2 Nd4+
36.Kc3 Rf4 37.a4 Ne2+ 38.Kb3 Nc1+ 39.Ka3 Nd3 40.Rxf4 exf4 41.a5 f3 42.a6 f2
43.Bg2 Nf4 44.Bf1 Nd5 45.a7 Nc7 46.b4 Kd4 47.Ka4 Kd5 48.Ka5 Kc6 49.b5+ Kb7
50.b6 Nd5 51.Bg2 f1=Q 52.Bxd5+ Kc8 53.a8=Q+ Kd7 54.Qc6+ Ke7 55.Qc7+ Kf8 56.Qf7+  1-0

[Event "TCh-CZE Extraliga 2013-14"]
[Site "Karvina CZE"]
[Date "2013.11.03"]
[Round "2.4"]
[White "Rosko,L"]
[Black "Rasik,V"]
[Result "1/2-1/2"]
[WhiteElo "2350"]
[BlackElo "2450"]

1.e4 d6 2.d4 g6 3.Nc3 Bg7 4.Nf3 Nf6 5.Be2 O-O 6.O-O a6 7.a4 e6 8.h3 Nc6 9.Bg5 h6
10.Be3 b6 11.Qd2 Kh7 12.Rad1 Ne7 13.Nh2 Bb7 14.Bf3 Rb8 15.Rfe1 b5 16.axb5 axb5
17.b4 Bc6 18.Ng4 Nfg8 19.d5 Bd7 20.dxe6 Bxe6 21.Ba7 Rb7 22.Bd4 Bxd4 23.Qxd4 Nc6
24.Qd2 Rb8 25.Nd5 Bxg4 26.Bxg4 Nf6 27.Qc3 Nxd5 28.Rxd5 Qe8 29.f4 Ne7 30.Rd3 Qc6
31.Qxc6 Nxc6 32.Rb1 Rb6 33.Rc3 Ra8 34.Bd7 Raa6 35.Kf2 Kg7 36.Ke3 Kf6 37.Kd3 h5
38.h4 Ke7 39.Bxc6 Rxc6 40.Rxc6 Rxc6 41.Ra1 Rc4 42.c3 Ke6 43.Ra5 c6 44.Ra8 f5
45.exf5+ Kxf5 46.Rf8+ Ke6 47.g3 Ke7 48.Rg8 Kf7 49.Rd8 Ke7 50.Rg8 Kf7 51.Rd8  1/2-1/2

[Event "TCh-SVK Ext 2013-14"]
[Site "Slovakia SVK"]
[Date "2013.11.10"]
[Round "2.3"]
[White "Manik,M"]
[Black "Bezuch,M"]
[Result "1/2-1/2"]
[WhiteElo "2404"]
[BlackElo "2296"]

1.e4 g6 2.d4 Bg7 3.Nc3 d6 4.f4 c6 5.Nf3 d5 6.e5 h5 7.Be2 Nh6 8.Be3 Bg4 9.Qd2 Nd7
10.Bf2 Qa5 11.h3 Bf5 12.Nh4 b5 13.O-O e6 14.Nxf5 Nxf5 15.g4 hxg4 16.hxg4 Ne7
17.Ne4 Qxd2 18.Nxd2 Rb8 19.a4 b4 20.Nf3 f6 21.Kg2 f5 22.Rh1 Nf8 23.Rxh8 Bxh8
24.Rh1 Bg7 25.Nd2 Kf7 26.Bh4 fxg4 27.Bxe7 Kxe7 28.Nb3 Nd7 29.Bxg4 Kf7 30.Rh7 Nf8
31.Rh3 Nd7 32.Rh7 Nf8 33.Rh3 Nd7 34.Rg3 Bf8 35.Be2 Be7 36.Bd3 Nf8 37.Kf3 Rc8
38.Ke3 Bh4 39.Rg1 Be7 40.Rg3 Bh4 41.Rg1 Be7 42.Rg2 Rc7 43.Kd2 Rc8 44.Rg1 Rc7
45.Rg4 Rc8 46.Rg1  1/2-1/2

[Event "23rd World Seniors 2013"]
[Site "Opatija CRO"]
[Date "2013.11.12"]
[Round "1.31"]
[White "Belistri,U"]
[Black "Vikulov,A"]
[Result "0-1"]
[WhiteElo "2016"]
[BlackElo "2290"]

1.d4 g6 2.e4 Bg7 3.Nc3 d6 4.Be3 a6 5.Qd2 b5 6.f3 Bb7 7.Nh3 Nd7 8.Rd1 Nb6
9.b3 e6 10.Be2 Ne7 11.O-O O-O 12.Bd3 Rc8 13.Ne2 c5 14.c3 Qc7 15.Bh6 c4 16.Bb1 cxb3
17.axb3 Nd7 18.Rc1 Qb6 19.Kh1 Rfe8 20.Bxg7 Kxg7 21.Qg5 Nf6 22.e5 dxe5 23.dxe5 Nfg8
24.Nd4 b4 25.Qe3 Nd5 26.Qf2 bxc3 27.Be4 Qb4 28.Ng5 h6 29.Bxd5 Bxd5 30.Ne4 Bxe4
31.fxe4 Re7 32.h4 Qc5 33.Rc2 Qxe5 34.Qe3 Nf6 35.Rxc3 Nxe4  0-1

[Event "Chinese Teams 2013"]
[Site "Shijiazhuang CHN"]
[Date "2013.11.12"]
[Round "16.5"]
[White "Wang Chen"]
[Black "Wen Yang"]
[Result "0-1"]
[WhiteElo "2500"]
[BlackElo "2585"]

1.e4 d6 2.d4 g6 3.Nc3 Bg7 4.Nf3 a6 5.a4 Nf6 6.Be2 O-O 7.O-O Nc6 8.h3 e5 9.dxe5 dxe5
10.Bg5 Be6 11.Qc1 Qe8 12.Qe3 Kh8 13.Rfd1 Ng8 14.Nd5 Rc8 15.Qb3 f5 16.Bd3 f4
17.Qxb7 h6 18.Bxa6 hxg5 19.Nxg5 Bh6 20.Nxe6 Qxe6 21.Nxc7 Qe7 22.Nb5 Qh4 23.Nd6 f3
24.g3 Qxh3 25.Bf1 Qg4 26.Nf7+ Rxf7 27.Qxf7 Be3 28.Bg2 Nd4 29.Rxd4 Bxf2+ 30.Kxf2 Rxc2+
31.Ke3 fxg2  0-1

[Event "23rd World Seniors 2013"]
[Site "Opatija CRO"]
[Date "2013.11.13"]
[Round "2.13"]
[White "Vokoun,J"]
[Black "Kakageldyev,A"]
[Result "1/2-1/2"]
[WhiteElo "2185"]
[BlackElo "2384"]

1.e4 g6 2.d4 Bg7 3.Nc3 d6 4.Be2 c6 5.Be3 Nf6 6.h4 h5 7.f3 Qa5 8.Qd2 b5 9.a3 O-O
10.Nh3 Bxh3 11.Rxh3 Nbd7 12.Kf2 e5 13.d5 cxd5 14.Nxd5 Qxd2 15.Nxf6+ Nxf6
16.Bxd2 Rfc8 17.c3 Rab8 18.Rhh1 d5 19.exd5 Nxd5 20.Rhd1 a6 21.a4 bxa4 22.Bc1 Nb6
23.Bxa6 Rc7 24.f4 Nc4 25.Bxc4 Rxc4 26.fxe5 Bxe5 27.Rd5 Bf4 28.Rd4 Rxd4 29.cxd4 Bxc1
30.Rxc1 Rxb2+ 31.Kf3 Rb8 32.d5 Kg7 33.Rc7 Ra8 34.d6 a3 35.d7 a2 36.Rc1 Rd8
37.Ra1 Rxd7 38.Rxa2 Rd3+ 39.Kf2 Rd4 40.g3 Kf6 41.Ra5 Re4 42.Kf3 Re5 43.Ra6+ Kf5
44.Ra7 f6 45.Ra4 Rc5 46.Rf4+ Ke5 47.Ra4 g5 48.hxg5 fxg5 49.Ra3 Kf5 50.g4+ hxg4+
51.Kg3 Rc4 52.Ra5+ Kg6 53.Ra8 Rf4 54.Rb8 Rc4 55.Ra8 Re4 56.Rb8 Ra4 57.Rc8 Kh5
58.Rh8+ Kg6 59.Rc8  1/2-1/2

[Event "23rd World Seniors 2013"]
[Site "Opatija CRO"]
[Date "2013.11.16"]
[Round "5.22"]
[White "Acers,J"]
[Black "Balashov,Y"]
[Result "0-1"]
[WhiteElo "2230"]
[BlackElo "2440"]

1.e4 d6 2.d4 g6 3.Nc3 Bg7 4.f4 Nf6 5.e5 Nfd7 6.Nf3 O-O 7.Bc4 c5 8.e6 Nb6
9.exf7+ Kh8 10.Be2 cxd4 11.Nxd4 Rxf7 12.O-O Nc6 13.Be3 Bd7 14.Nxc6 Bxc6 15.Bd4 e5
16.fxe5 Rxf1+ 17.Bxf1 dxe5 18.Be3 Qh4 19.Qe1 Qb4 20.a3 Qe7 21.Rd1 e4 22.Qd2 Re8
23.Be2 Qe6 24.b3 Qf5 25.a4 Qa5 26.Nb5 Qxd2 27.Rxd2 Nd5 28.Bd4 e3 29.Bxg7+ Kxg7
30.Rd4 Rf8 31.Re4 Rf2 32.Nd4 Kf8 33.g3 Nc7 34.Rxe3 Rg2+ 35.Kf1 Rxh2 36.Bf3 Bxf3
37.Rxf3+ Ke7 38.Rd3  0-1

[Event "23rd World Seniors 2013"]
[Site "Opatija CRO"]
[Date "2013.11.16"]
[Round "5.53"]
[White "Valenti,G"]
[Black "Theting,H"]
[Result "1/2-1/2"]
[WhiteElo "2182"]
[BlackElo "1979"]

1.e4 g6 2.d4 Bg7 3.Nc3 d6 4.f4 a6 5.Bc4 b5 6.Bd3 Nd7 7.Nf3 Bb7 8.e5 e6 9.Ne4 d5
10.Ned2 c5 11.c3 Ne7 12.a4 c4 13.Bc2 Qa5 14.O-O b4 15.cxb4 Qxb4 16.Nb1 O-O
17.Nc3 Nc6 18.a5 f6 19.Bd2 Qe7 20.Be1 Rab8 21.Bg3 fxe5 22.fxe5 Nb4 23.Bh4 Qe8
24.Bb1 Bc6 25.Qd2 Rb7 26.Na2 Qb8 27.Be7 Nxa2 28.Rxa2 Rf7 29.Bd6 Qe8 30.Qg5 Nf8
31.Bc2 Rbd7 32.Raa1 Qd8 33.Qg4 Rb7 34.Bxf8 Bxf8 35.Qxe6 Qd7 36.Qxd7 Bxd7
37.Rf2 Bh6 38.Re1 Be6 39.Ba4 Rb4 40.Bd1 Rfb7 41.Ree2 Bc1 42.Ne1 Bg4 43.Rc2 Bxd1
44.Rxc1 Bg4 45.Rf6 Rxb2 46.Rxa6 Ra2 47.Ra8+ Kf7 48.Nc2 Rb3 49.Ra7+ Ke6 50.Rf1 Bf5
51.g4 Rxc2 52.gxf5+ gxf5 53.Ra6+ Ke7 54.Rxf5 Rb1+ 55.Rf1 Rxf1+ 56.Kxf1 Rxh2
57.Rc6 Kd7 58.Rd6+ Ke7 59.Rxd5 c3 60.Rc5 c2 61.Ke1 Rh1+ 62.Kd2 Rd1+ 63.Kxc2 Rxd4
64.Kc3 Ra4 65.Kb3 Ra1 66.Kb4 Rb1+ 67.Ka4 h5 68.e6 h4 69.Rh5 Rh1 70.Rh6 h3
71.Kb5 h2 72.Ka6 Kd6 73.Ka7 Ra1 74.Rxh2 Rxa5+ 75.Kb6  1/2-1/2

[Event "10th European Teams w"]
[Site "Warsaw POL"]
[Date "2013.11.16"]
[Round "8.12"]
[White "Brunello,M"]
[Black "Degrande,M"]
[Result "1-0"]
[WhiteElo "2248"]
[BlackElo "1867"]

1.e4 d6 2.d4 g6 3.Nc3 Bg7 4.Nf3 Nf6 5.Be3 c6 6.Qd2 Qc7 7.Bh6 O-O 8.h4 Bxh6
9.Qxh6 Ng4 10.Qd2 h5 11.Bc4 a5 12.a4 Na6 13.Ne2 Kg7 14.Ng3 Rh8 15.Ng5 e6
16.Ra3 Bd7 17.Be2 Nf6 18.Rf3 Raf8 19.e5 dxe5 20.dxe5 Qxe5 21.Rxf6 Qxf6 22.Qxd7 Nc5
23.Qc7 Qxb2 24.O-O b6 25.Bc4 Qxc2 26.Bxe6 Nxe6 27.Nxe6+ Kg8 28.Nxf8  1-0

[Event "10th European Teams w"]
[Site "Warsaw POL"]
[Date "2013.11.16"]
[Round "8.12"]
[White "Dierckens,S"]
[Black "Gueci,Tea"]
[Result "0-1"]
[WhiteElo "1872"]
[BlackElo "2056"]

1.e4 g6 2.d4 Bg7 3.Nc3 d6 4.f4 c6 5.Nf3 Bg4 6.h3 Bxf3 7.gxf3 e5 8.fxe5 Qh4+
9.Ke2 dxe5 10.d5 Nf6 11.Rg1 Nh5 12.Rg4 Qe7 13.Bg5 f6 14.Be3 O-O 15.Kf2 Kh8
16.Bd3 Qf7 17.Bc4 f5 18.exf5 Qxf5 19.Bd3 Qf7 20.d6 Nd7 21.Ne4 Ndf6 22.Ng5 Qd7
23.Rh4 Qxd6 24.Qg1 e4 25.Nxe4 Nxe4+ 26.Rxe4 Rae8 27.Rxe8 Rxe8 28.Bxa7 c5
29.Kf1 Bd4 30.Qg5 Qh2 31.Qg2 Ng3+  0-1

[Event "23rd World Seniors 2013"]
[Site "Opatija CRO"]
[Date "2013.11.18"]
[Round "6.73"]
[White "Marks,I"]
[Black "Chubar,V"]
[Result "0-1"]
[WhiteElo "1948"]
[BlackElo "2071"]

1.d4 g6 2.e4 Bg7 3.Nc3 d6 4.Nf3 a6 5.Be3 b5 6.Qd2 Bb7 7.Bd3 Nf6 8.e5 dxe5
9.dxe5 Ng4 10.e6 fxe6 11.Ng5 Bf6 12.Nxh7 Ne5 13.Nxf6+ exf6 14.Be4 Qxd2+ 15.Bxd2 Nbc6
16.Bf4 O-O-O 17.O-O b4 18.Na4 Rd4 19.Bxe5 Rxe4 20.Bxf6 Rf8 21.Bg5 Rg4 22.f4 Nd4
23.Rf2 Nf3+ 24.Kf1 Nxh2+ 25.Kg1 Nf3+ 26.Kf1 Nxg5 27.fxg5 Rxf2+ 28.Kxf2 Rxg2+
29.Ke3 Rxg5 30.b3 Kd7 31.Rd1+ Ke7 32.Rd4 a5 33.Rc4 Kd6 34.Rd4+ Bd5 35.c4 bxc3
36.Nxc3 Rg3+ 37.Kd2 Rg2+ 38.Kd3 g5 39.Nxd5 exd5 40.Ra4 Ke5 41.Rxa5 Rg3+ 42.Ke2 g4
43.b4 Ke4 44.Rc5 Rg2+ 45.Kf1 Rxa2 46.Rxc7 Rb2 47.Rg7 Kf3 48.Rf7+ Ke3 49.Re7+ Kd3
50.Rd7 d4 51.Rg7 Kc2 52.Rxg4 Rxb4 53.Rg7 d3 54.Rc7+ Kd1 55.Kf2 d2 56.Rc6 Rf4+
57.Ke3 Ke1 58.Kxf4 d1=Q 59.Re6+ Kf2 60.Re4 Qd6+ 61.Re5 Qc7 62.Ke4 Qc2+ 63.Kf4 Qc4+
64.Re4 Qd5 65.Re5 Qd6 66.Ke4 Kg3 67.Rg5+ Kh4 68.Rd5 Qc6 69.Ke5 Kg4 70.Ke4 Qe6+
71.Kd4 Kf4 72.Kc5 Qe7+ 73.Kc4 Qc7+ 74.Rc5 Qf7+ 75.Kd4 Qd7+ 76.Rd5 Qa4+ 77.Kc5 Ke4
78.Rd6 Qc2+ 79.Kb5 Qb3+ 80.Kc5 Ke5 81.Rc6 Qa3+ 82.Kb5 Kd5 83.Kb6 Qb4+ 84.Kc7 Qe7+
85.Kb6 Qd8+ 86.Kb7 Qd7+ 87.Rc7 Qb5+ 88.Kc8 Kd6 89.Ra7 Qe8+ 90.Kb7 Qe7+ 91.Kb8 Qd8+
92.Kb7 Kc5 93.Ra6 Kb5 94.Ra7 Qb6+ 95.Ka8 Qd4 96.Rc7 Kb6 97.Rb7+ Ka6 98.Rb4 Qd8+
99.Rb8 Qd5+ 100.Rb7 Qxb7+  0-1

[Event "ch-PAR 2013"]
[Site "Asuncion URU"]
[Date "2013.11.19"]
[Round "2.1"]
[White "Latorre,Mat"]
[Black "Goiriz,Y"]
[Result "1/2-1/2"]
[WhiteElo "2250"]
[BlackElo "2090"]

1.d4 g6 2.e4 Bg7 3.Nc3 d6 4.Be3 Nc6 5.Qd2 e5 6.d5 Nce7 7.f3 f5 8.Bb5+ Kf7
9.Nh3 h6 10.f4 fxe4 11.fxe5 Bxe5 12.Nxe4 Bxh3 13.gxh3 Nf5 14.O-O-O Nf6 15.Bd3 Nxe4
16.Bxe4 Nxe3 17.Qxe3 Qg5 18.Qxg5 hxg5 19.Bg2 Rh4 20.c3 b5 21.Rd3 b4 22.Rf1+ Kg7
23.Rdf3 bxc3 24.bxc3 Rc4 25.R1f2 Bf4+ 26.Kc2 Re8 27.Bf1 Rc5 28.h4 Re1 29.hxg5 Bxg5
30.Rg2 Rxd5 31.Bd3 Ra5 32.a4 Ra1 33.Kb3 R1xa4  1/2-1/2

[Event "Piestany Open 2013"]
[Site "Piestany SVK"]
[Date "2013.11.19"]
[Round "3.3"]
[White "Kvassay,P"]
[Black "Petran,Pe"]
[Result "0-1"]
[WhiteElo "2028"]
[BlackElo "2321"]

1.e4 g6 2.d4 Bg7 3.Nc3 d6 4.h3 Nf6 5.Nf3 O-O 6.Be3 c6 7.a4 Nbd7 8.Qd2 e5
9.dxe5 dxe5 10.Qd6 Ne8 11.Qa3 Nc7 12.a5 Ne6 13.Rd1 Re8 14.Bc4 Bf8 15.Qa2 Qc7
16.O-O Nf6 17.Ng5 Nxg5 18.Bxg5 Nh5 19.Ne2 Be6 20.Bxe6 Rxe6 21.Rd2 Rd6 22.c3 Rxd2
23.Bxd2 Qd7 24.Bg5 h6 25.Bh4 g5 26.Ng3 Nf4 27.Bxg5 hxg5 28.Qb3 Rd8 29.Nf5 Qd3
30.Re1 Rd7 31.a6 b5 32.Kh2 Bc5 33.Nh6+ Kg7 34.Ng4 Ng6 35.Kg1 f6 36.Qe6 Qd6
37.Qe8 Re7 38.Qc8 Qd7 39.Qb7 Qxb7 40.axb7 Rxb7 41.Rd1 a5 42.Rd8 a4 43.Rc8 Ne7
44.Re8 Rd7  0-1

[Event "4th Brno Open 2013"]
[Site "Brno CZE"]
[Date "2013.11.20"]
[Round "6.19"]
[White "Kopecek,Ivan"]
[Black "Volna,Lukas"]
[Result "0-1"]
[WhiteElo "1912"]
[BlackElo "1815"]

1.e4 d6 2.d4 g6 3.Nc3 Bg7 4.Nf3 Nf6 5.Bd3 c6 6.Be3 Nbd7 7.O-O O-O 8.Qd2 Re8
9.Ng5 h6 10.Nh3 Ng4 11.f4 Nxe3 12.Qxe3 Qb6 13.Ne2 e5 14.c3 exd4 15.cxd4 Nf6
16.e5 Ng4 17.Qf3 dxe5 18.fxe5 Nxe5 19.Qf2 Bxh3 20.gxh3 Nxd3  0-1

[Event "23rd World Seniors 2013"]
[Site "Opatija CRO"]
[Date "2013.11.20"]
[Round "8.45"]
[White "Tsomaia,Sergo"]
[Black "Agzamov,Va"]
[Result "1/2-1/2"]
[WhiteElo "1859"]
[BlackElo "2183"]

1.e4 d6 2.d4 g6 3.Nc3 Bg7 4.Be3 Nd7 5.Qd2 Ngf6 6.Bh6 O-O 7.Bxg7 Kxg7 8.O-O-O c6
9.Nf3 Qa5 10.Kb1 e5 11.h4 h5 12.Ng5 b5 13.Ne2 Qxd2 14.Rxd2 Re8 15.dxe5 dxe5
16.Nc1 Nc5 17.f3 Nfd7 18.Be2 f6 19.Nh3 Nb6 20.Nf2 Be6 21.Rhd1 Kf7 22.Nb3 Bxb3
23.axb3 Ke7 24.b4 Ne6 25.c3 Rad8 26.g3 Rxd2 27.Rxd2 Rd8 28.Kc2 g5 29.Rxd8 Kxd8
30.hxg5 fxg5 31.Nd3 Nd7 32.Kd2 h4 33.gxh4 gxh4 34.Bf1 Nf4 35.Ke3 Nxd3 36.Bxd3 Ke7
37.f4 exf4+ 38.Kxf4 Kf6 39.Bf1 Ne5 40.b3 a6 41.Bh3 Ng6+ 42.Kf3 Ke5 43.Bd7 Kd6
44.Bc8 Ne5+ 45.Kf4 Nd3+ 46.Ke3 Kc7 47.Bf5 Ne5 48.Kf4 Kd6 49.Kg5 Nf3+ 50.Kg4 Ng1
51.Kxh4 Ne2 52.c4 Nd4 53.Kg4 Ke5 54.cxb5 axb5 55.Bg6 Nxb3 56.Kf3 Nd4+ 57.Ke3 Nc2+
58.Kd3 Nxb4+ 59.Kc3 Na6 60.Be8 Nb8 61.Kb4 Kd6 62.e5+ Kxe5 63.Bxc6 Nxc6+ 64.Kxb5  1/2-1/2

[Event "23rd World Seniors 2013"]
[Site "Opatija CRO"]
[Date "2013.11.21"]
[Round "9.55"]
[White "Weisenburger,H"]
[Black "Theting,H"]
[Result "1-0"]
[WhiteElo "2141"]
[BlackElo "1979"]

1.e4 g6 2.d4 Bg7 3.Nc3 d6 4.Be3 a6 5.Qd2 b5 6.Bd3 Nd7 7.a4 b4 8.Nce2 a5 9.c3 c5
10.dxc5 Nxc5 11.Bc4 Ba6 12.Qd5 Bxc4 13.Qxc4 Rc8 14.Nf3 Qd7 15.O-O Nxa4 16.Qa2 Nc5
17.e5 dxe5 18.Rfd1 Qe6 19.Qxa5 Nb3 20.Qb5+ Kf8 21.Ra6 Qf5 22.Qc4 Nd4 23.Nfxd4 exd4
24.Rc6 Rxc6 25.Qxc6 e5 26.Qd6+ Ne7 27.Qd8+  1-0

[Event "St Louis Classic IM 2013"]
[Site "Saint Louis USA"]
[Date "2013.11.21"]
[Round "1.3"]
[White "Agrest,I"]
[Black "Bregadze,L"]
[Result "0-1"]
[WhiteElo "2160"]
[BlackElo "2396"]

1.e4 g6 2.d4 Bg7 3.Nc3 d6 4.Nf3 c6 5.Bf4 Bg4 6.Qd2 b5 7.Be2 Nd7 8.O-O b4
9.Nd1 Ngf6 10.h3 Nxe4 11.Qxb4 Be6 12.Bd3 Nef6 13.c4 O-O 14.Qd2 d5 15.c5 Bf5
16.Ba6 Ne4 17.Qb4 e5 18.Bh2 exd4 19.Nxd4 Ndxc5 20.Be2 a5  0-1

[Event "23rd World Seniors 2013"]
[Site "Opatija CRO"]
[Date "2013.11.22"]
[Round "10.43"]
[White "Zhukov,Vi1"]
[Black "Agzamov,Va"]
[Result "1-0"]
[WhiteElo "2069"]
[BlackElo "2183"]

1.e4 g6 2.d4 Bg7 3.Nc3 d6 4.f4 Nf6 5.Nf3 O-O 6.e5 Nfd7 7.h4 c5 8.e6 fxe6
9.h5 gxh5 10.Rxh5 Nf6 11.Rh4 cxd4 12.Nxd4 Nc6 13.g4 Nxd4 14.Qxd4 e5 15.fxe5 dxe5
16.Qc4+ e6 17.g5 Nd5 18.Bd3 h6 19.Bd2 Nf4 20.Bxf4 Rxf4 21.Rxf4 exf4 22.gxh6 Qh4+
23.Kd1 Qh1+ 24.Kd2 Qg2+ 25.Ne2 b5 26.Qxf4 e5 27.Qh4 e4 28.Rg1 e3+ 29.Kc1 Qf2
30.Qxf2  1-0

[Event "TCh-SWE Elitserien 2013-14"]
[Site "Sweden SWE"]
[Date "2013.11.22"]
[Round "1.3"]
[White "Lindberg,Bo"]
[Black "Rahul Kumar,P"]
[Result "1-0"]
[WhiteElo "2421"]
[BlackElo "2202"]

1.d4 d6 2.e4 g6 3.Nc3 Bg7 4.Be3 a6 5.a4 b6 6.Qd2 c5 7.d5 Nd7 8.f3 h6 9.Nh3 Ngf6
10.Be2 Ne5 11.Nf2 g5 12.h4 g4 13.h5 Rb8 14.f4 g3 15.fxe5 gxf2+ 16.Bxf2 dxe5
17.a5 b5 18.Bf3 Qd6 19.b4 cxb4 20.Na2 O-O 21.Qxb4 Nxd5 22.Qxd6 exd6 23.O-O-O Nf6
24.Rxd6 Bb7 25.Bh4 Nxe4 26.Rb6 Bd5 27.Nb4 Rxb6 28.Nxd5 Re6 29.Bxe4 f5 30.Ne7+ Rxe7
31.Bxe7 fxe4 32.Bxf8 Bxf8 33.Re1 Bd6 34.Rxe4 Bc7 35.Rg4+ Kh7 36.Rg6 Bxa5
37.Rxa6 Bc3 38.Ra7+ Kg8 39.Kd1 b4 40.Ke2 Kh8 41.Kd3 Kg8 42.Ke4  1-0

[Event "Great Hopes GM 2013"]
[Site "Budapest HUN"]
[Date "2013.11.23"]
[Round "7.1"]
[White "Sevian,Samuel"]
[Black "Balog,I1"]
[Result "1/2-1/2"]
[WhiteElo "2384"]
[BlackElo "2539"]

1.e4 g6 2.d4 Bg7 3.Nc3 d6 4.Be3 Nf6 5.h3 c6 6.f4 O-O 7.Bd3 e5 8.Nf3 exd4
9.Bxd4 b5 10.e5 Nh5 11.Qd2 Nd7 12.O-O-O b4 13.Ne4 Qa5 14.Kb1 dxe5 15.fxe5 c5
16.g4 cxd4 17.gxh5 Nxe5 18.Nxe5 Qxe5 19.hxg6 fxg6 20.h4 Bg4 21.Rde1 Qf4 22.Qxb4 Bf3
23.Rhf1 Qxh4 24.Nd6 Kh8 25.Nf5 gxf5 26.Rxf3 Rae8 27.Rg1 Re5 28.a3 Qf6 29.Rfg3 Re7
30.Rf3 Qe5 31.Rgf1 Rb8 32.Qa4 Reb7 33.b3 Qc5 34.Ka2 Qc3 35.Qc4 Qxc4 36.Bxc4 Rf8
37.Rxf5 Rxf5 38.Rxf5 Re7 39.b4 Be5 40.a4 Kg7 41.a5 Bd6 42.Kb3 h6 43.Bd3 Rb7
44.b5 Rc7 45.b6 axb6 46.axb6 Rc5 47.Rxc5 Bxc5 48.b7 Ba7 49.Kc4 Kf6 50.Kd5 Ke7
51.Kc6 Kd8  1/2-1/2

[Event "UT Dallas IM Inv 2013"]
[Site "Dallas USA"]
[Date "2013.11.23"]
[Round "3.3"]
[White "Camacho,C"]
[Black "Gelashvili,T"]
[Result "0-1"]
[WhiteElo "2210"]
[BlackElo "2590"]

1.e4 d6 2.d4 g6 3.Nc3 Bg7 4.Nf3 a6 5.a4 b6 6.h3 Nd7 7.Bc4 e6 8.Bg5 Ne7 9.Qd2 h6
10.Be3 Bb7 11.O-O Nf6 12.e5 Nfd5 13.exd6 cxd6 14.Bd3 Nxc3 15.bxc3 Nf5 16.Qe2 O-O
17.Bd2 Qc7 18.Be4 Bxe4 19.Qxe4 d5 20.Qf4 Qxf4 21.Bxf4 Rfc8 22.Ra3 g5 23.Bh2 b5
24.axb5 axb5 25.Rxa8 Rxa8 26.g4 Nh4 27.Nxh4 gxh4 28.Rb1 Ra3 29.Rb3 Ra2 30.Rxb5 Rxc2
31.Rc5 Kh7 32.Kg2 Kg6 33.Kf3 Bf8 34.Rc7 Ba3 35.Bf4 Bb2 36.Bd6 Rxc3+ 37.Rxc3 Bxc3
38.Ke3 h5 39.gxh5+ Kxh5 40.Be7 Ba5 41.Bf6 Bb6 42.Kd3 Ba5 43.Ke3 Bc3 44.Kd3 Bb2
45.Ke3 Bc1+ 46.Kf3 Bg5 47.Be5 Kg6 48.Kg4 f5+ 49.Kf3 Bf6 50.Kf4 Kf7 51.Bxf6 Kxf6
52.f3 e5+ 53.dxe5+ Ke6 54.Ke3 Kxe5 55.f4+ Ke6 56.Kd3 Kd7  0-1

[Event "23rd World Seniors 2013"]
[Site "Opatija CRO"]
[Date "2013.11.23"]
[Round "11.19"]
[White "Haubt,G"]
[Black "Vikulov,A"]
[Result "0-1"]
[WhiteElo "2206"]
[BlackElo "2290"]

1.e4 g6 2.d4 Bg7 3.Nc3 d6 4.Be3 a6 5.h3 b5 6.a3 Nd7 7.f4 Bb7 8.Nf3 e6 9.Bd3 c5
10.Qd2 cxd4 11.Nxd4 Nc5 12.Nf3 Nf6 13.Bxc5 dxc5 14.e5 b4 15.Na4 Nd7 16.Ng5 O-O
17.O-O Qc7 18.axb4 c4 19.Be4 h6 20.Bxb7 Qxb7 21.Nf3 Rfd8 22.Nd4 Bf8 23.c3 Nb8
24.Qe2 Nc6 25.Qe4 Rd5 26.Nf3 Rc8 27.Rfd1 Nxe5 28.Rd4 Nxf3+ 29.Qxf3 Qa7 30.Qf2 Rxd4
31.Qxd4 Qxd4+ 32.cxd4 Bxb4 33.Kf2 Bd2 34.Nc3 Rd8 35.Ne2 Rb8 36.Ra2 Rb3 37.Kf1 a5
38.Nc3 Bxc3 39.bxc3 Rxc3 40.Rxa5 Rd3 41.Ra8+ Kg7 42.Rd8 h5 43.Ke2 h4 44.Rd6 Kf8
45.Rc6 Rxd4 46.Ke3 Rd3+ 47.Ke4 Rc3 48.Ke5 Kg7 49.Ke4 Rc2 50.Kf3 Kf8 51.Rc7 Ke8
52.Ra7 Rc3+ 53.Kf2 Rd3 54.Rc7 c3 55.Ke2 Rg3 56.Kf2 Kd8 57.Rc4 f5 58.Ra4 Kd7
59.Kf1 Kd6 60.Ra2 Kd5 61.Re2 Kd4 62.Rxe6 c2 63.Re1 Kc3 64.Kf2 Kb2 65.Re2 Kb1  0-1

[Event "23rd World Seniors 2013"]
[Site "Opatija CRO"]
[Date "2013.11.23"]
[Round "11.20"]
[White "Filipenko,A"]
[Black "Malmdin,N"]
[Result "1-0"]
[WhiteElo "2288"]
[BlackElo "2191"]

1.e4 g6 2.d4 Bg7 3.Nc3 d6 4.Bg5 c6 5.Qd2 b5 6.f4 b4 7.Nd1 Qb6 8.c3 Ba6 9.Bxa6 Nxa6
10.Nf3 Nf6 11.Nf2 Qb5 12.a4 Qc4 13.Qe3 bxc3 14.bxc3 Nc7 15.Nd2 Qa6 16.Qe2 Qxe2+
17.Kxe2 Kd7 18.Rab1 Rhb8 19.Nd3 h6 20.Bh4 Na6 21.h3 Rxb1 22.Rxb1 Rb8 23.Rxb8 Nxb8
24.g4 Na6 25.Kd1 Ne8 26.Kc2 Nec7 27.Kb3 e6 28.Bf2 Bf8 29.c4 Be7 30.c5 f6
31.cxd6 Bxd6 32.Nc4 Be7 33.g5 hxg5 34.fxg5 Ne8 35.Be3 Nd6 36.Nxd6 Bxd6 37.gxf6 Ke8
38.Bf4 Bxf4 39.Nxf4 Kf7 40.e5  1-0

[Event "23rd World Seniors 2013"]
[Site "Opatija CRO"]
[Date "2013.11.23"]
[Round "11.5"]
[White "Rogulj,B"]
[Black "Kakageldyev,A"]
[Result "1/2-1/2"]
[WhiteElo "2420"]
[BlackElo "2384"]

1.e4 g6 2.d4 Bg7 3.Nc3 d6 4.f4 Nf6 5.Nf3 O-O 6.Bd3 Na6 7.O-O c5 8.d5 Rb8
9.h3 Nc7 10.a4 b6 11.Qe1 a6 12.Bd2 b5 13.b3 e6 14.dxe6 fxe6 15.e5 Nfd5 16.Ne4 Nxf4
17.Bxf4 Rxf4 18.Nxd6 bxa4 19.Rxa4 Rxa4 20.bxa4 Bd7 21.h4 Ne8 22.Ne4 Bc6 23.Neg5 Bxf3
24.Nxf3 Rb4 25.Bxa6 Rxa4 26.Bd3 Bh6 27.Qf2 Qe7 28.Ng5 Bxg5 29.hxg5 c4 30.Be2 Ra5
31.Bxc4 Rxe5 32.Bb3 Rf5 33.Qe3 Rxf1+ 34.Kxf1 Nc7 35.Qe5 Qd7 36.Ke2 Nd5 37.Bc4 Qc6
38.Qb8+ Kf7 39.Qa7+ Kg8 40.Qd4 Kf7 41.Bd3 Qd6 42.Kf3 Qe7 43.c4 Nb4 44.Qf4+ Ke8
45.Be4 Qc5 46.Qb8+ Kd7 47.Qb7+ Kd6 48.Qxh7 Qxc4 49.Qxg6 Nd5 50.Bxd5 Qxd5+
51.Kg3 Qe5+ 52.Kh3 Qe3+ 53.g3 Qf3 54.Qf6 Qh1+ 55.Kg4 Qd1+ 56.Kh4  1/2-1/2